| 000 | 00948nam a22002537a 4500 | ||
|---|---|---|---|
| 005 | 20170124103044.0 | ||
| 010 | _aB-178717 | ||
| 020 |
_c175.00 _a818361706 |
||
| 035 | _aB-178717 | ||
| 037 | _bCen Lib/Ret | ||
| 040 |
_aDPL _bHN |
||
| 082 |
_aउ _bशिवानी |
||
| 100 |
_aशिवानी _9500 |
||
| 245 |
_aपूतोंवाली / _cशिवानी |
||
| 246 |
_aPootonwali / _bby Shivani |
||
| 260 |
_aनयी दिल्ली _bशिवानी साहित्य प्रकाशन _c2006 |
||
| 270 |
_a7/31, अंसारी रोड, दरिया गंज _bनयी दिल्ली _e11002 |
||
| 300 |
_a155पृ. _c21सेमी (सजिल्द) |
||
| 650 |
_aहिन्दी साहित्य _968352 |
||
| 650 |
_aउपन्यास _968353 |
||
| 650 |
_aHindi literature _968354 |
||
| 650 |
_aFiction _98901 |
||
| 942 |
_2ddc _cHN _hउ _mशिवानी |
||
| 999 |
_c116797 _d116797 |
||